| 000 | 00910nam a2200229 a 4500 | ||
|---|---|---|---|
| 001 | 62207 | ||
| 003 | BD-RjUL | ||
| 005 | 20211209081044.0 | ||
| 008 | 170123s1982 ii ||||| |||| 00| 0 ben d | ||
| 020 | _c: Irs 40.00 | ||
| 035 | _a(BD-RjUL) 62332 | ||
| 040 |
_aBD-RjUL _bben _cBD-RjUL |
||
| 041 | _aben | ||
| 082 |
_223 _a491.4409 _bSHD 1982 |
||
| 100 |
_aশামশল, সুধাংশুশেখর _9173234 |
||
| 245 | 1 | 0 |
_aধ্বনির শিল্প রবীন্দ্রসঙ্গীত / _c সুধাংশুশেখর শামশল |
| 260 |
_aকলিকাতা : _bদে'জ পাবলিশিং, _c১৯৮২ |
||
| 300 |
_a৪২৮ পৃ. ; _c২১ সেমি. |
||
| 650 |
_aবাংলা ধ্বনি _xইতিহাস ও সমালোচনা _9185023 |
||
| 650 |
_aSonido bengalí _xHistory & Criticism _9185024 |
||
| 942 |
_2ddc _cBK |
||
| 999 |
_c62207 _d62207 |
||